Responses for Show #4224 - Thursday, January 2, 2003

Contestants

[<< previous game]

Lori Duff, an attorney from Loganville, Georgia

Alex Prinstein, a fifth grade teacher from Venice, California

Jeff Lovingood, a middle school teacher from Jacksonville, North Carolina (whose 1-day cash winnings total $9,800)

[next game >>]

Jeopardy! Round responses

REPTILES
(Alex: Oh, boy!)
ON THE MANTELPIECE
COLLEGES & UNIVERSITIES
20th CENTURY WOMEN
CDs
(Alex Trebek: And some of us remember...)
"L.P."s
    $200 1
New Zealand

Jeff
    $200 19
(Jeff: What is gold leaf?)

gilt frame

Jeff
Triple Stumper
    $200 4
Paris

Alex
    $200 9
Debbi Fields

Lori
    $200 26
"Ebony and Ivory"

Lori
    $200 14
labor pains

Lori
    $400 2
Florida

Jeff
    $400 20
(Jeff: What is black?)
(Lori: What is brown?)
(Alex Prinstein: What is red?)

yellow

JeffAlexLori
Triple Stumper
    $400 5
Oxford

Lori
    $400 10
Willa Cather

Alex
    $400 27
The Police

Alex
    $400 15
license plates

Lori
    $600 3
turtle

Lori
    $600 21
Professional Bowlers Association

Triple Stumper
    $600 6
(Lori: Who is McKinley?)

James A. Garfield

Lori
Triple Stumper
    $600 11
Nancy Reagan

Lori
    $600 28
"The Joshua Tree"

Lori
    $600 16
launch pad

Alex
    $800 23
Gila monster

Jeff
    $800 22
decanter

Jeff
    $800 7
Notre Dame

Jeff
    $800 12
Jane Goodall

Lori
    $800 29
Charlie's Angels

Lori
    $800 17
list price

Lori
    $1000 24
(Alex Trebek: With less than a minute now.)

komodo dragon

Jeff
    $1,000 25
(Jeff: What is a vase?)

urns

Jeff
    $1000 8
Brown University

Lori
    $1000 13
(Jeff: Who is Pamela Lee?)
...
(Jeff: I don't know where I came up with that!)
(Alex Trebek: I don't know where you came up with that, either. However, the students at your high school are going to be asking you a lot of questions when you get back to class!)

Wendy Wasserstein

JeffAlex
    $1000 30
Dave Matthews

Jeff
    $1000 18
linear perspective

Alex

Scores at the first commercial break (after clue 15):

Jeff Alex Lori
$400 $1,600 $3,600

Scores at the end of the Jeopardy! Round:

Jeff Alex Lori
$2,400 $3,200 $5,600

Double Jeopardy! Round responses

NATIVE AMERICANS
CELEBRITY RELATIVES
LITERARY BEFORE & AFTER
THE LIQUOR CABINET
CROWN ME
(Alex Trebek: You have to identify the country.)
FOOD WORDS & PHRASES
    $400 1
Colorado River

Triple Stumper
    $400 19
Jane Fonda

Jeff
    $400 4
(Jeff: [*]?)
....
(Alex Trebek: You forgot to phrase it in the form of a question, but there is a question contained in the response, so we'll accept that.)

How Green Was My Valley of the Dolls

Jeff
    $400 5
Cognac

Alex
    $400 12
(Jeff: What is the Netherlands?)

Belgium

JeffAlex
    $400 11
sandwich boards

Jeff
    $800 2
pow-wow

Alex
    $800 20
Darva Conger

Alex
    $800 6
A Streetcar Named Desire Under the Elms

Alex
    $800 10
Cutty Sark

Lori
    $800 17
(Alex Prinstein: What is Ethiopia?)

Morocco

Alex
Triple Stumper
    $800 13
mushroom

Lori
    $1200 3
cliff dwellers

Lori
    $1200 21
Eric Roberts

Jeff
    $1200 7
A Raisin in the Sun Also Rises

Alex
    $1,800 26
(Alex Prinstein: What is Baileys... Irish...)
...
(Alex Trebek: Cream.)
[The end-of-round signal sounds.]
[NOTE: This was the 160,000th clue entered into the J! Archive, 2009-02-07.]

Baileys Irish Cream

Alex
    $1200 18
Denmark

Lori
    $1200 14
cookie

Lori
    $1600 22
Mississippi River

Alex
    $1600 23
Axl Rose

Alex
    $1600 8
Gulliver's Travels with Charley

Jeff
    $1600 15
turnip truck

Alex
    $1,400 25
(Alex Prinstein: What is the Cherokee?)

Creek Indians

Alex
    $2000 24
(Alex Trebek: My era, and we have a minute to go.)

Gordon MacRae

Triple Stumper
    $2000 9
Paradise Lost Horizon

Triple Stumper
    $2000 16
in your own juices

Jeff

Scores at the end of the Double Jeopardy! Round:

Jeff Alex Lori
$8,000 $12,000 $10,800

[wagering suggestions for these scores]

Final Jeopardy! Round responses

ACADEMY AWARD WINNERS
(Alex Trebek: Katharine Hepburn only won 4; [*], designer, has won 8 Oscars out of 35 nominations over the years.)
JeffWho is ?
$2,000
LoriWho is ?
$5,200
AlexWho is Katharine Hepburn?
$9,601
Edith Head

Final scores:

Jeff Alex Lori
$6,000 $2,399 $5,600
2-day champion: $15,800 3rd place: $1,000 2nd place: $2,000

Game dynamics:

Coryat scores:

Jeff Alex Lori
$9,000 $12,800 $10,800
13 R,
5 W
(including 1 DD)
16 R
(including 1 DD),
3 W
(including 1 DD)
17 R,
2 W

Combined Coryat: $32,600

[game clues] [game scores] [suggest correction]

Game tape date: 2002-09-24
The J! Archive is created by fans, for fans. Scraping, republication, monetization, and malicious use prohibited; this site may use cookies and collect identifying information. See terms. The Jeopardy! game show and all elements thereof, including but not limited to copyright and trademark thereto, are the property of Jeopardy Productions, Inc. and are protected under law. This website is not affiliated with, sponsored by, or operated by Jeopardy Productions, Inc. Join the discussion at JBoard.tv.